000 00774nam a22002771 4500
001 141919
003 ES-MaACL
005 20250830050201.0
007 t|
008 071001s1968 sp ||||0| spa d
016 7 _zIND2000946212
040 _aM-BN
_bspa
_cCDM
080 _a159.942
080 _a233(04)
100 1 _aWilliams, H. A.
_9116925
245 1 3 _aLa profunda soledad /
_cH. A. Williams ; versión... de José Luis Lana.
250 _a1ª ed.
260 _aBarcelona :
_bNova Terra,
_c1968.
300 _a191 p. ;
_c20 cm.
650 1 7 _aHombre (Teología cristiana)
_2
_913459
650 1 4 _aSoledad.
_917224
700 1 _aLana, José Luis.
_969884
852 _aES-MaACL
_jC-50493
_bR.66679
999 _c141919
_d141919